Title in the Lyrics - Sonic Songs - Statistics

General Stats
  • This quiz has been taken 32 times
  • The average score is 16 of 25
Answer Stats
Lyrics Blank % Correct
____ ___ _____, from the works of yesterday Live and Learn
94%
___ ____ ______! Heroes rise again All Hail Shadow
89%
Let me show you just ____ ___ ____ __ now! What I’m Made Of…
89%
___ ___ ____ ___ ________? Does it brighten up your day? Can You Feel the Sunshine
83%
Before I say goodbye to you, one more last ____ ____… Fist Bump
83%
In ___ _____ of worlds every step meets the risk His World
83%
____ _______! They're detectives you want on your side Team Chaotix
83%
___ ____ reaching far across these new frontiers I’m Here
78%
__ _______ ______ now what happens I will never give up the fight It Doesn’t Matter
72%
By the table I command my kingdom, I'm the ______ __ ___ ____ Knight of the Wind
72%
____ ______! Find you, confine you, defying your reign! Sonic Heroes
72%
____ ____ _____, it's gonna be alright. Open Your Heart
67%
I'm gonna _____ ___ ___ _____, although they look pretty far Reach for the Stars
67%
_____ _____ __ _____ wild with just one single hand Seven Rings in Hand
67%
Everybody's _____ _____ ______ Super Sonic Racing
61%
This pain persists, I can't resist, but that's what it takes to be ________ Infinite
56%
______ __ ___ ____ you know you have to survive Living in the City
56%
Gotta keep it goin', _____ ____, _____ ____, _____ ____ Sonic Boom
56%
So, turn away or face this day ____ __ With Me
56%
Come and leave your mark __________ my heart Vandalize
50%
'Cause if you try, ___ ___ __ ________! Sonic - You Can Do Anything
44%
Oh dark the darkness that dozes in the dusk, _____ __ ___ ____! Throw it All Away
39%
I never lose my confidence. I know you're __________ __... Supporting Me
33%
I'm never gonna stop believing you'll ____ ____ _____ Find Your Flame
28%
___ __ ___ _______, time never stop and wait for me Fly in the Freedom
28%
No matching quizzes found
Score Distribution
Percent of People with Each Score
Percentile by Number Answered
Your Score History
You have not taken this quiz